Célébrités avec un animal dans leur nom - Statistiques

Statistiques générales
  • Ce quiz a été pris 12 109 fois
    11 691 depuis la dernière actualisation
  • Le résultat moyen est 6 sur 16
Statistiques - réponses
Indice Réponse % Correct
Chanteur malade depuis 1973. Serge {Lama}
91%
Un ancien inconnu, devenu connu grâce aux Inconnus. Didier {Bourdon}
67%
A invité Pignon pour un dîner. Thierry {Lhermitte}
66%
Élue plus belle femme de France en 2015. Camille {Cerf}
65%
A créé une fondation pour les animaux à son nom. Brigitte {Bardot}
59%
Il aurait dû faire de la corrida, pas du football. Frank {Lebœuf}
48%
Aurait pu composer le Lac des Oies. Jean-Michel {Jarre}
40%
Inventeur de points et de traits. Samuel {Morse}
30%
Chef cuisinier, la volaille n'était que l'une de ses spécialités. Bernard {Loiseau}
28%
Chanteur qui ne manque pas de chien. Joe {Cocker}
25%
Sa famille était formidable. Bernard {Le} {Coq}
24%
Peintre français qui ne faisait pourtant pas cui-cui. Nicolas {Poussin}
24%
Sa campagne à la primaire de la droite en 2016 a fait plouf. Jean-Frédéric {Poisson}
23%
A fait des études de lettres, est connu pour les chiffres. Bertrand {Renard}
19%
Créateur de pas mal de Don, dont Rodrigue. Pierre {Corneille}
16%
Il a échangé sa deux-chevaux contre une deux-bœufs. Raymond {Devos}
15%
Aucun quiz correspondant
Distribution des résultats
% des personnes avec chaque résultat
Percentile par nombre de réponses
Votre historique - résultats
Vous n’avez pas pris ce quiz depuis la dernière actualisation